000 00495cam a2200193 4500
001 D7162
008 090401t1983 xxu||||| |||| 00| 0 eng d
035 _a(Sirsi) u5531
041 _aeng
050 _a332.6
100 _aCorner, Desmond (ed)
245 _aModern portfolio theory and financial institutions
260 _aByfleet, Surrey
_bMacmillan Publishers
_c1983
300 _axiii. 253p. 22cm
350 _a25
700 _aMayes, David G (ed)
942 _n0
948 _c04/03/1997
999 _c86188
_d86188